000 00349nam a2200145Ia 4500
003 OSt
005 20240123163426.0
008 170523s9999 xx 000 0 und d
020 _a9780070151840
040 _ciimt university meerut
100 _aDALEY- ERNEST
245 0 _aREADING IN MANAGEMENT
260 _bDELHI TATA MC GRAW HILL
942 _2ddc
_c02
999 _c82
_d82